Online
Catalog

Miscel·lánia de textos medievals /. (Record no. 41288)

MARC details
000 -CABECERA
campo de control de longitud fija 00673nam a2200229 a 4500
001 - NÚMERO DE CONTROL
campo de control 000041799
005 - FECHA Y HORA DE LA ÚLTIMA TRANSACCIÓN
campo de control 20201002035748.0
008 - DATOS DE LONGITUD FIJA--INFORMACIÓN GENERAL
campo de control de longitud fija 131017s1996 sp 000 0 spa d
020 ## - NÚMERO INTERNACIONAL ESTÁNDAR DEL LIBRO
Número Internacional Estándar del Libro 8400068742 (v.4)
020 ## - NÚMERO INTERNACIONAL ESTÁNDAR DEL LIBRO
Número Internacional Estándar del Libro 8400070135 (v.5)
020 ## - NÚMERO INTERNACIONAL ESTÁNDAR DEL LIBRO
Número Internacional Estándar del Libro 8400073150 (v.6)
020 ## - NÚMERO INTERNACIONAL ESTÁNDAR DEL LIBRO
Número Internacional Estándar del Libro 8400074513 (v.7)
020 ## - NÚMERO INTERNACIONAL ESTÁNDAR DEL LIBRO
Número Internacional Estándar del Libro 02132257 (v. 8)
040 ## - FUENTE DE LA CATALOGACIÓN
Centro catalogador/agencia de origen DO-SdBNP
Lengua de catalogación spa
Centro/agencia transcriptor BNPHU
041 17 - CÓDIGO DE LENGUA
Código de lengua del texto/banda sonora o título independiente spa
Código de lengua del sumario o resumen cat.
245 00 - MENCIÓN DE TÍTULO
Título Miscel·lánia de textos medievals /.
260 ## - PUBLICACIÓN, DISTRIBUCIÓN, ETC.
Lugar de publicación, distribución, etc. Barcelona :
Nombre del editor, distribuidor, etc. CSIC,
Fecha de publicación, distribución, etc. 1996.
300 ## - DESCRIPCIÓN FÍSICA
Extensión v. ;
Dimensiones 24 cm.
500 ## - NOTA GENERAL
Nota general La biblioteca posee el v. 4-7
546 ## - NOTA DE LENGUA/LENGUAJE
Nota de lengua/lenguaje Textos en catalan y español
710 2# - PUNTO DE ACCESO ADICIONAL--NOMBRE DE ENTIDAD CORPORATIVA
Nombre de entidad corporativa o nombre de jurisdicción como elemento de entrada Consejo Superior de Investigaciones Científicas
9 (RLIN) 4786
Holdings
Estado de retiro Estado de pérdida Restricciones de uso No para préstamo Código de colección Localización permanente Ubicación/localización actual Ubicación en estantería Fecha de adquisición Número de inventario Total de préstamos Signatura topográfica completa Código de barras Fecha visto por última vez Precio válido a partir de Tipo de ítem Koha
        Monografías: Libros y Folletos General General Orden iniciada 17.10.2013 LF1   41799-10 25.06.2020 25.06.2020 No se presta
        Monografías: Libros y Folletos General General Orden iniciada 12.11.2013 LF1   41799-20 25.06.2020 25.06.2020 No se presta
        Monografías: Libros y Folletos General General Orden iniciada 12.11.2013 LF1   41799-30 25.06.2020 25.06.2020 No se presta
        Monografías: Libros y Folletos General General Orden iniciada 12.11.2013 LF1   41799-40 25.06.2020 25.06.2020 No se presta
        Monografías: Libros y Folletos General General Orden iniciada 12.11.2013 LF1   41799-50 25.06.2020 25.06.2020 No se presta

Powered by Koha